[Event "IX Open"]
[Site "Padova ITA"]
[Date "2006.12.22"]
[Round "7"]
[White "Cozzarin, Davide"]
[Black "Contini, Davide"]
[Result "1-0"]
[WhiteElo "1943"]
[BlackElo "2236"]
[PlyCount "31"]
[EventDate "2006.12.16"]

1. d4 d5 2. c4 c6 3. Nc3 Nf6 4. cxd5 cxd5 5. Bf4 Nc6 6. e3 Bf5 7. Qb3 Na5 8.
Qa4+ Bd7 9. Bb5 Nc6 10. Qd1 e6 11. Nge2 a6 12. Bd3 Nb4 13. Bb1 g6 14. h3 Bg7
15. O-O O-O 16. Bd6 1-0

[Event "IX Open"]
[Site "Padova ITA"]
[Date "2006.12.22"]
[Round "7"]
[White "Del Monaco, Andrea"]
[Black "Lazic, Miroljub"]
[Result "1/2-1/2"]
[WhiteElo "2248"]
[BlackElo "2465"]
[PlyCount "93"]
[EventDate "2006.12.16"]

1. d4 d5 2. Nf3 c6 3. c4 e6 4. Nc3 Nf6 5. Bg5 h6 6. Bh4 dxc4 7. e4 g5 8. Bg3 b5
9. Be2 Bb7 10. Ne5 Nbd7 11. Qc2 Be7 12. Rd1 Nxe5 13. Bxe5 Qb6 14. b3 cxb3 15.
axb3 a6 16. O-O c5 17. d5 Rg8 18. Rfe1 Nd7 19. Bg3 e5 20. d6 Bxd6 21. Bg4 Nf6
22. Bf5 Rd8 23. Nd5 Bxd5 24. exd5 Kf8 25. Qc3 Nh5 26. Bxe5 Bxe5 27. Rxe5 Rd6
28. Rde1 Nf6 29. Re6 Qd8 30. R6e5 Kg7 31. h4 Rxd5 32. hxg5 hxg5 33. Qe3 Kf8 34.
Rxd5 Qxd5 35. Qe7+ Kg7 36. Be6 Qd8 37. Qxf7+ Kh8 38. Re3 Rg7 39. Rd3 Qxd3 40.
Qxf6 Qd1+ 41. Kh2 Qd6+ 42. Kg1 Qd1+ 43. Kh2 Qd6+ 44. Kg1 Qe7 45. Qe5 Qc7 46.
Qf6 Qe7 47. Qe5 1/2-1/2

[Event "IX Open"]
[Site "Padova ITA"]
[Date "2006.12.22"]
[Round "7"]
[White "Dvirnyy, Danyyil"]
[Black "De Santis, Alessio"]
[Result "1-0"]
[WhiteElo "2323"]
[BlackElo "2337"]
[PlyCount "85"]
[EventDate "2006.12.16"]

1. e4 c5 2. Nf3 e6 3. d4 cxd4 4. Nxd4 a6 5. c4 Nf6 6. Nc3 Qc7 7. a3 d6 8. Be3
Be7 9. Rc1 O-O 10. Be2 Nbd7 11. O-O b6 12. b4 Bb7 13. f3 Rfe8 14. Qd2 Rac8 15.
Rfd1 Qb8 16. Kh1 Bd8 17. Na4 Bc7 18. Bg1 Ne5 19. c5 dxc5 20. bxc5 b5 21. c6
bxa4 22. cxb7 Qxb7 23. Rb1 Qa8 24. Qb4 Ned7 25. Qxa4 Nc5 26. Qc6 Bf4 27. Qxa8
Rxa8 28. g3 Bh6 29. Nc6 Nfd7 30. Nb4 g6 31. Nxa6 Nxa6 32. Rxd7 Bf8 33. Rbb7 Nc5
34. Bxc5 Bxc5 35. Rxf7 Rxa3 36. Rg7+ Kh8 37. Rxh7+ Kg8 38. Rbg7+ Kf8 39. Rf7+
Kg8 40. Rfg7+ Kf8 41. Rd7 Ra1+ 42. Kg2 Ra2 43. Rh8# 1-0

[Event "IX Open"]
[Site "Padova ITA"]
[Date "2006.12.22"]
[Round "7"]
[White "Laketic, Gojko"]
[Black "Kizov, Atanas"]
[Result "1/2-1/2"]
[WhiteElo "2441"]
[BlackElo "2390"]
[PlyCount "21"]
[EventDate "2006.12.16"]

1. e4 d6 2. d4 Nf6 3. Nc3 e5 4. dxe5 dxe5 5. Qxd8+ Kxd8 6. Bc4 Ke8 7. Be3 c6 8.
Nf3 Bd6 9. O-O-O Bc7 10. h3 Nbd7 11. Rhe1 1/2-1/2

[Event "IX Open"]
[Site "Padova ITA"]
[Date "2006.12.22"]
[Round "7"]
[White "Litrico, Paolo"]
[Black "Camosi, Roberto"]
[Result "1-0"]
[WhiteElo "1691"]
[BlackElo "1694"]
[PlyCount "117"]
[EventDate "2006.12.16"]

1. d4 Nf6 2. c3 e6 3. Bg5 c5 4. e3 cxd4 5. exd4 h6 6. Be3 b6 7. Nd2 Nd5 8. Ngf3
Bb7 9. Bd3 Be7 10. O-O Nxe3 11. fxe3 Bg5 12. Qe2 d6 13. Qf2 O-O 14. Ne4 Be7 15.
Rad1 Nd7 16. Bb1 Ba6 17. Qc2 f5 18. Rf2 fxe4 19. Qxe4 Nf6 20. Qxe6+ Kh8 21. Nh4
g5 22. Ng6+ Kg7 23. Nxe7 Bc8 24. Nf5+ Kh8 25. Qxd6 Bxf5 26. Qxd8 Raxd8 27. Rxf5
Kg7 28. Rdf1 Ng4 29. Rxf8 Rxf8 30. Rxf8 Kxf8 31. e4 Ne3 32. b3 Ke7 33. h3 Nd1
34. c4 Nc3 35. Bd3 Nxa2 36. Kf2 Nb4 37. Ke2 Nc6 38. Ke3 Kf6 39. e5+ Ke7 40. Ke4
Nd8 41. d5 Nb7 42. Kf5 a6 43. Kg6 Nc5 44. Bc2 Nd7 45. e6 Ne5+ 46. Kxh6 g4 47.
hxg4 Nxg4+ 48. Kh5 Ne3 49. Be4 Nd1 50. g4 Nc3 51. Bf3 b5 52. cxb5 Nxb5 53. Be2
Nc7 54. Bc4 a5 55. g5 Ne8 56. Kg6 Kf8 57. Bb5 Nc7 58. Bc6 Na6 59. Kh7 1-0

[Event "IX Open"]
[Site "Padova ITA"]
[Date "2006.12.22"]
[Round "7"]
[White "Luciani, Valerio"]
[Black "Cardili, Mariano"]
[Result "1-0"]
[WhiteElo "2229"]
[BlackElo "2079"]
[PlyCount "97"]
[EventDate "2006.12.16"]

1. d4 d5 2. c4 c6 3. Nc3 Nf6 4. cxd5 cxd5 5. Bf4 Nc6 6. e3 Bf5 7. Qb3 Qb6 8.
Qxb6 axb6 9. Bb5 e6 10. Nge2 Be7 11. f3 O-O 12. h4 h5 13. Bg5 Rfe8 14. Nf4 Bg6
15. Nxg6 fxg6 16. Ne2 Bd6 17. O-O Kh8 18. Rfd1 Ra5 19. Nc3 Bb4 20. a4 Rea8 21.
Na2 Bd6 22. Rac1 Ne7 23. Nc3 Rf8 24. Rc2 Raa8 25. Ne2 Rac8 26. Rdc1 Rxc2 27.
Rxc2 Nf5 28. Rc3 Kg8 29. Kf2 Kf7 30. g3 Bb8 31. Bf4 Nd6 32. Bd3 Rd8 33. Ng1
Nde8 34. Nh3 Nh7 35. Bxb8 Rxb8 36. Nf4 Nf8 37. Rb3 Rc8 38. Rxb6 Rc7 39. Ke2 Nf6
40. Kd2 N6d7 41. Rb3 Nb8 42. Rc3 Nc6 43. b4 Rd7 44. Bb5 Rc7 45. Nd3 Nd7 46.
Bxc6 bxc6 47. b5 Nb6 48. Ne5+ Kf6 49. a5 1-0

[Event "IX Open"]
[Site "Padova ITA"]
[Date "2006.12.22"]
[Round "7"]
[White "Naumkin, Igor"]
[Black "Dervishi, Erald"]
[Result "1/2-1/2"]
[WhiteElo "2495"]
[BlackElo "2545"]
[PlyCount "28"]
[EventDate "2006.12.16"]

1. d4 Nf6 2. c4 e6 3. Nf3 b6 4. g3 Bb7 5. Bg2 Be7 6. Nc3 Ne4 7. Bd2 d5 8. cxd5
exd5 9. O-O O-O 10. Rc1 Na6 11. Bf4 c5 12. a3 Bf6 13. Be5 Re8 14. e3 Bxe5
1/2-1/2

[Event "IX Open"]
[Site "Padova ITA"]
[Date "2006.12.22"]
[Round "7"]
[White "Palumbo, Giuseppe"]
[Black "De Marchi, Alessandro"]
[Result "0-1"]
[WhiteElo "1592"]
[BlackElo "1570"]
[PlyCount "77"]
[EventDate "2006.12.16"]

1. e4 c5 2. Nf3 d6 3. d4 cxd4 4. Nxd4 Nf6 5. Nc3 a6 6. Bc4 e6 7. O-O Be7 8. a3
O-O 9. f4 Qc7 10. Ba2 Nc6 11. Be3 Bd7 12. f5 Nxd4 13. Bxd4 e5 14. Be3 Bc6 15.
Nd5 Bxd5 16. Bxd5 Nxd5 17. exd5 f6 18. Rf3 Kf7 19. Rh3 Rh8 20. Qh5+ Kg8 21. c3
Qc4 22. Rg3 Bf8 23. Rd1 Qb3 24. Rd2 Rc8 25. Qh4 Kf7 26. Rg4 a5 27. Qh5+ Ke7 28.
Qh4 h5 29. Re4 Kf7 30. g4 Rc4 31. gxh5 Rxe4 32. Qxe4 Rxh5 33. Qg4 Rh8 34. Qg6+
Ke7 35. Qg4 Qb5 36. b4 axb4 37. axb4 Qa6 38. c4 Qa3 39. Qf3 0-1

[Event "IX Open"]
[Site "Padova ITA"]
[Date "2006.12.22"]
[Round "7"]
[White "Rossi, Giampiero"]
[Black "Navarro, Stefano"]
[Result "0-1"]
[WhiteElo "1976"]
[BlackElo "2228"]
[PlyCount "62"]
[EventDate "2006.12.16"]

1. d4 d5 2. c4 e6 3. Nc3 Nf6 4. cxd5 exd5 5. Bg5 Be7 6. e3 c6 7. Qc2 Nbd7 8.
Bd3 O-O 9. Nge2 Re8 10. O-O Nf8 11. Rab1 Ng6 12. b4 a6 13. a4 Ng4 14. Bxe7 Qxe7
15. h3 Nh6 16. Ng3 Qg5 17. b5 axb5 18. axb5 f5 19. bxc6 bxc6 20. Rb6 Bd7 21.
Nce2 Rf8 22. Rfb1 Kh8 23. Rb7 Rad8 24. Qc5 f4 25. Bxg6 fxg3 26. Rxd7 gxf2+ 27.
Kf1 Qxg6 28. Rbb7 Qd3 29. Qc1 Rxd7 30. Rxd7 Nf5 31. Kxf2 Nxd4+ 0-1

[Event "IX Open"]
[Site "Padova ITA"]
[Date "2006.12.22"]
[Round "7"]
[White "Vuelban, Virgilio"]
[Black "Canazza, Alessandro"]
[Result "1-0"]
[WhiteElo "2341"]
[BlackElo "2064"]
[PlyCount "90"]
[EventDate "2006.12.16"]

1. e4 Nf6 2. e5 Nd5 3. d4 d6 4. Nf3 Bg4 5. Be2 e6 6. c4 Nb6 7. exd6 cxd6 8. O-O
Be7 9. Nc3 O-O 10. Be3 d5 11. c5 Bxf3 12. Bxf3 Nc4 13. b3 Nxe3 14. fxe3 Qa5 15.
Qe1 Nc6 16. a3 a6 17. b4 Qd8 18. Qb1 Bf6 19. Qd3 Qc7 20. Bd1 Qe7 21. Bb3 Rad8
22. Rad1 g6 23. Ba4 Bg5 24. Bxc6 bxc6 25. e4 Ra8 26. Rde1 Qd7 27. e5 Bh6 28.
Rf3 Bg7 29. Ref1 Ra7 30. Nd1 a5 31. Ne3 axb4 32. axb4 Qe7 33. Ng4 Qb7 34. Nf6+
Bxf6 35. exf6 Rfa8 36. Qe3 Kf8 37. Qh6+ Ke8 38. Qxh7 Qxb4 39. Qg8+ Kd7 40.
Qxf7+ Kd8 41. Qf8+ Kc7 42. Qe7+ Kb8 43. f7 Qxd4+ 44. Kh1 Ra1 45. Ra3 Kc8 1-0

[Event "IX Open"]
[Site "Padova ITA"]
[Date "2006.12.22"]
[Round "7"]
[White "Zanini, Andrea"]
[Black "Giordan, Daniele"]
[Result "0-1"]
[WhiteElo "1700"]
[BlackElo "1897"]
[PlyCount "60"]
[EventDate "2006.12.16"]

1. Nf3 d5 2. g3 c6 3. Bg2 Nf6 4. O-O h6 5. d3 Bf5 6. b3 e6 7. Nbd2 Nbd7 8. Bb2
Qc7 9. Qe1 Bc5 10. e4 dxe4 11. dxe4 Bg4 12. h3 Bxf3 13. Nxf3 Qxg3 14. Bd4 Bxd4
15. Nxd4 Qc7 16. Rd1 O-O-O 17. a4 Nh5 18. Ne2 Ne5 19. Qc3 g5 20. Bf3 Nf6 21.
Rxd8+ Rxd8 22. Ng3 g4 23. hxg4 Nfxg4 24. Bxg4 Nxg4 25. Qg7 Qf4 26. Kg2 h5 27.
Qh7 h4 28. Nh5 Qh2+ 29. Kf3 Qh3+ 30. Ke2 Qc3 0-1

[Event "IX Open"]
[Site "Padova ITA"]
[Date "2006.12.23"]
[Round "8"]
[White "Belloni, Umberto"]
[Black "De Marchi, Alessandro"]
[Result "1/2-1/2"]
[WhiteElo "1908"]
[BlackElo "1570"]
[PlyCount "107"]
[EventDate "2006.12.16"]

1. d4 Nf6 2. c3 e6 3. Bg5 Be7 4. Nd2 b6 5. Bxf6 Bxf6 6. f4 g6 7. Ngf3 d6 8. Qc2
Bb7 9. e3 Nd7 10. Bd3 c5 11. O-O Rc8 12. Rad1 cxd4 13. exd4 Bg7 14. Rde1 O-O
15. Be4 d5 16. Bd3 Nb8 17. Qd1 Ba6 18. Bxa6 Nxa6 19. Qe2 Nb8 20. h3 Nd7 21. g4
Nf6 22. Kg2 Qd6 23. Ne5 b5 24. Nd3 Nd7 25. Nb3 a6 26. Qe3 Qb6 27. Nbc5 Nxc5 28.
Nxc5 Rc7 29. Qd2 Rfc8 30. Ra1 a5 31. Rac1 b4 32. Rb1 Qb5 33. a4 Qc4 34. Rbc1
Bf8 35. b3 bxc3 36. Rxc3 Qb4 37. Rf2 Bxc5 38. dxc5 Rxc5 39. Rxc5 Qxc5 40. Rf3
Kf8 41. Kg3 Qc7 42. Qd4 Kg8 43. g5 Qc5 44. Qf6 Qg1+ 45. Kh4 Qe1+ 46. Kg4 Qd1
47. Kg3 d4 48. Qe7 Qg1+ 49. Kh4 Qe1+ 50. Kg4 Qe2 51. Kg3 Qe4 52. Qd7 Ra8 53.
Qd6 Qe1+ 54. Kg4 1/2-1/2

[Event "IX Open"]
[Site "Padova ITA"]
[Date "2006.12.23"]
[Round "8"]
[White "Canazza, Alessandro"]
[Black "Rossi, Giampiero"]
[Result "0-1"]
[WhiteElo "2064"]
[BlackElo "1976"]
[PlyCount "74"]
[EventDate "2006.12.16"]

1. c4 e6 2. Nc3 d5 3. cxd5 exd5 4. d4 c6 5. Nf3 Bf5 6. Bf4 Nd7 7. e3 Qb6 8. Qc1
h6 9. Be2 Ngf6 10. h3 Be7 11. Bd1 O-O 12. Bc2 Bxc2 13. Qxc2 Rfe8 14. g4 Bb4 15.
O-O-O Bxc3 16. Qxc3 Ne4 17. Qc2 Rac8 18. Ne5 Nxe5 19. dxe5 Qc5 20. Qxc5 Nxc5
21. Kd2 Nd7 22. Ke2 Nxe5 23. Rd4 Ng6 24. Bg3 Re6 25. Rhd1 Rce8 26. Ra4 a6 27.
Rd3 Re4 28. Rxe4 Rxe4 29. Rb3 Re7 30. Kd3 f6 31. Kd4 Ne5 32. Kc5 Nc4 33. Rb4 a5
34. Ra4 b5 35. Rxc4 dxc4 36. Kxc6 b4 37. Bd6 Re6 0-1

[Event "IX Open"]
[Site "Padova ITA"]
[Date "2006.12.23"]
[Round "8"]
[White "Cardili, Mariano"]
[Black "Zanini, Andrea"]
[Result "1-0"]
[WhiteElo "2079"]
[BlackElo "1700"]
[PlyCount "73"]
[EventDate "2006.12.16"]

1. d4 d5 2. c4 dxc4 3. Nf3 Nf6 4. e3 e6 5. Bxc4 c5 6. O-O a6 7. Qe2 b5 8. Bb3
cxd4 9. exd4 Be7 10. Bg5 O-O 11. Rd1 Bb7 12. Nc3 Nbd7 13. Ne5 Nxe5 14. dxe5 Nd7
15. Bf4 Bc6 16. Qg4 g6 17. Bh6 Re8 18. Bxe6 Nxe5 19. Rxd8 Nxg4 20. Rxe8+ Rxe8
21. Bxg4 Bf6 22. Bf3 Bxf3 23. gxf3 Bxc3 24. bxc3 Re2 25. a4 bxa4 26. Rxa4 Re6
27. Re4 a5 28. Rxe6 fxe6 29. Bf4 Kf7 30. Bd6 Ke8 31. Ba3 Kd7 32. c4 h6 33. f4
Kc6 34. Kg2 a4 35. Kf3 Kd7 36. Ke4 h5 37. h4 1-0

[Event "IX Open"]
[Site "Padova ITA"]
[Date "2006.12.23"]
[Round "8"]
[White "Carini, Massimo"]
[Black "Luciani, Valerio"]
[Result "1/2-1/2"]
[WhiteElo "2176"]
[BlackElo "2229"]
[PlyCount "52"]
[EventDate "2006.12.16"]

1. e4 c5 2. Nf3 d6 3. c3 e6 4. d4 Nd7 5. Bd3 Ngf6 6. O-O Be7 7. e5 dxe5 8. dxe5
Nd5 9. a3 Nf8 10. c4 Nb6 11. Bf4 Bd7 12. Nc3 Bc6 13. Qe2 Ng6 14. Bg3 Qc7 15.
Rfe1 O-O 16. Ne4 Bxe4 17. Bxe4 Rfd8 18. Rad1 Rxd1 19. Rxd1 Rd8 20. Rxd8+ Bxd8
21. Qe3 Be7 22. Qb3 Qd7 23. h4 Bd8 24. h5 Ne7 25. Bh4 h6 26. g4 Kf8 1/2-1/2

[Event "IX Open"]
[Site "Padova ITA"]
[Date "2006.12.23"]
[Round "8"]
[White "Dervishi, Erald"]
[Black "Dvirnyy, Danyyil"]
[Result "1-0"]
[WhiteElo "2545"]
[BlackElo "2323"]
[PlyCount "67"]
[EventDate "2006.12.16"]

1. e4 c5 2. Nf3 d6 3. d4 cxd4 4. Nxd4 Nf6 5. Nc3 g6 6. Bc4 Bg7 7. Be3 O-O 8. f3
Nc6 9. Qd2 Bd7 10. O-O-O Ne5 11. Bb3 Rc8 12. Kb1 Nc4 13. Bxc4 Rxc4 14. Nde2 Be6
15. Bd4 Re8 16. g4 a5 17. b3 Rc8 18. a4 Nd7 19. Bxg7 Kxg7 20. h4 h6 21. Nd4 Qb6
22. h5 g5 23. Nd5 Bxd5 24. exd5 Rc4 25. f4 Rec8 26. fxg5 Rxc2 27. gxh6+ Kh8 28.
Qg5 Rg8 29. Qxe7 Rc3 30. Kb2 Rc4 31. Qxd7 Rxd4 32. Qxf7 Rdxg4 33. Qf6+ Kh7 34.
Rhe1 1-0

[Event "IX Open"]
[Site "Padova ITA"]
[Date "2006.12.23"]
[Round "8"]
[White "Giordan, Daniele"]
[Black "Ceccato, Alessandro"]
[Result "1-0"]
[WhiteElo "1897"]
[BlackElo "1700"]
[PlyCount "73"]
[EventDate "2006.12.16"]

1. e4 c5 2. Nf3 e6 3. d4 cxd4 4. Nxd4 a6 5. Nc3 Qc7 6. Bd3 Nf6 7. O-O d6 8. Kh1
Be7 9. f4 Nbd7 10. Qe1 b5 11. Nf3 b4 12. Ne2 Bb7 13. Ng3 a5 14. a3 bxa3 15.
Rxa3 O-O 16. e5 dxe5 17. Rc3 Qb8 18. fxe5 Nd5 19. Rc4 Re8 20. Rg4 Bf8 21. Rh4
f5 22. exf6 N5xf6 23. Ng5 e5 24. Nxh7 e4 25. Nxf6+ Nxf6 26. Bc4+ Bd5 27. Bxd5+
Nxd5 28. Nxe4 Be7 29. Rh3 Rf8 30. Rxf8+ Qxf8 31. Ng3 Qf7 32. Ne2 Bc5 33. Rf3
Qe6 34. Qf1 Re8 35. Nf4 Nxf4 36. Bxf4 Qg6 37. Qc4+ 1-0

[Event "IX Open"]
[Site "Padova ITA"]
[Date "2006.12.23"]
[Round "8"]
[White "Lazic, Miroljub"]
[Black "Laketic, Gojko"]
[Result "1/2-1/2"]
[WhiteElo "2465"]
[BlackElo "2441"]
[PlyCount "23"]
[EventDate "2006.12.16"]

1. d4 e6 2. e4 d5 3. Nd2 dxe4 4. Nxe4 Nd7 5. Nf3 Ngf6 6. Nxf6+ Nxf6 7. Bd3 c5
8. O-O Qc7 9. Qe2 Be7 10. dxc5 Bxc5 11. Bg5 Bd7 12. Ne5 1/2-1/2

[Event "IX Open"]
[Site "Padova ITA"]
[Date "2006.12.23"]
[Round "8"]
[White "Litrico, Paolo"]
[Black "Battagin, Mose'"]
[Result "0-1"]
[WhiteElo "1691"]
[BlackElo "1847"]
[PlyCount "72"]
[EventDate "2006.12.16"]

1. d4 Nf6 2. c3 g6 3. Bg5 Bg7 4. Nd2 d6 5. Ngf3 Nbd7 6. Nc4 c6 7. e3 O-O 8. Bd3
b5 9. Ncd2 Qc7 10. O-O e5 11. c4 bxc4 12. Nxc4 e4 13. Bf4 Qd8 14. Bxd6 Re8 15.
Be2 exf3 16. Bxf3 Ba6 17. Bxc6 Rc8 18. Qa4 Bxc4 19. Qxc4 Re6 20. d5 Rxd6 21. e4
Ne5 22. Qe2 Nxc6 23. dxc6 Rdxc6 24. Rfd1 Qc7 25. e5 Nd7 26. f4 Nf8 27. h4 Rc2
28. Qf3 Qc5+ 29. Kh2 Qf2 30. Qg4 h5 31. Qh3 Qxf4+ 32. Kh1 Bxe5 33. Rf1 Qg3 34.
Qxg3 Bxg3 35. Rf3 Rc1+ 36. Rf1 Rxa1 0-1

[Event "IX Open"]
[Site "Padova ITA"]
[Date "2006.12.23"]
[Round "8"]
[White "Navarro, Stefano"]
[Black "Cozzarin, Davide"]
[Result "1-0"]
[WhiteElo "2228"]
[BlackElo "1943"]
[PlyCount "30"]
[EventDate "2006.12.16"]

1. e4 e6 2. d4 d5 3. exd5 exd5 4. c4 Bb4+ 5. Nc3 Nf6 6. Bd3 O-O 7. Nge2 Bg4 8.
f3 Be6 9. cxd5 Nxd5 10. O-O c5 11. Nxd5 Qxd5 12. Be4 Qd7 13. a3 Ba5 14. dxc5
Qe7 15. b4 Bd8 1-0

[Event "IX Open"]
[Site "Padova ITA"]
[Date "2006.12.23"]
[Round "8"]
[White "Vuelban, Virgilio"]
[Black "Del Monaco, Andrea"]
[Result "0-1"]
[WhiteElo "2341"]
[BlackElo "2248"]
[PlyCount "108"]
[EventDate "2006.12.16"]

1. e4 c5 2. Nf3 Nc6 3. Nc3 e6 4. d4 cxd4 5. Nxd4 Qc7 6. Be3 a6 7. Bd3 Nf6 8.
O-O b5 9. Nb3 Ne5 10. h3 Bb7 11. f4 Nc4 12. Bxc4 bxc4 13. Nd2 Bb4 14. e5 Bxc3
15. bxc3 Nd5 16. Bd4 Ne7 17. Qe2 Rc8 18. Rab1 Bd5 19. Ne4 Nf5 20. Bf2 h5 21.
Ng3 Nxg3 22. Bxg3 h4 23. Bf2 f5 24. exf6 gxf6 25. Qg4 Kf7 26. Bb6 Qc6 27. Rf2
Rcg8 28. Qe2 Rb8 29. Qe3 Rhg8 30. f5 Bxg2 31. fxe6+ dxe6 32. Qh6 Bxh3+ 33. Kh2
Qd6+ 34. Qf4 Qxf4+ 35. Rxf4 Bf5 36. Rxh4 Rh8 37. Rxh8 Rxh8+ 38. Kg2 Rb8 39. Rb4
Bxc2 40. Ba5 Rxb4 41. Bxb4 e5 42. Kf3 Ke6 43. Bf8 f5 44. Bh6 Kd5 45. Ke3 f4+
46. Kd2 Bb1 47. a3 Ke4 48. Bg7 Bd3 49. Bh8 Kf5 50. Ke1 e4 51. Bd4 e3 52. a4 Ke4
53. Bf6 f3 54. Bh4 Kf4 0-1

[Event "IX Open"]
[Site "Padova ITA"]
[Date "2006.12.24"]
[Round "9"]
[White "Battagin, Mose'"]
[Black "Luciani, Valerio"]
[Result "0-1"]
[WhiteElo "1847"]
[BlackElo "2229"]
[PlyCount "82"]
[EventDate "2006.12.16"]

1. e4 e6 2. d4 d5 3. Nc3 Bb4 4. e5 c5 5. Bd2 Ne7 6. Nb5 Bxd2+ 7. Qxd2 O-O 8. f4
cxd4 9. Nxd4 Nbc6 10. Ngf3 Bd7 11. c3 Qb6 12. Bd3 Nxd4 13. Nxd4 Nc6 14. Qf2
Nxd4 15. cxd4 Bb5 16. O-O-O Rac8+ 17. Kb1 Rc6 18. Qd2 Rfc8 19. Bxb5 Qxb5 20.
Rhe1 h6 21. g4 Rc4 22. f5 R8c6 23. Re3 Rc2 24. Qxc2 Rxc2 25. Kxc2 Qa4+ 26. Rb3
Qxa2 27. Rdd3 Qa4 28. Kb1 Qd7 29. fxe6 fxe6 30. Rb4 b5 31. Ra3 Qb7 32. Rc3 a5
33. Rbb3 b4 34. Rc5 a4 35. Rf3 Qa6 36. h4 Qe2 37. Rc8+ Kh7 38. Rff8 Qxg4 39.
Ra8 b3 40. Rfc8 Qxd4 41. h5 Qd1+ 0-1

[Event "IX Open"]
[Site "Padova ITA"]
[Date "2006.12.24"]
[Round "9"]
[White "Camosi, Roberto"]
[Black "Canazza, Alessandro"]
[Result "0-1"]
[WhiteElo "1694"]
[BlackElo "2064"]
[PlyCount "118"]
[EventDate "2006.12.16"]

1. e4 Nf6 2. Nc3 d5 3. e5 Ne4 4. Nxe4 dxe4 5. d4 exd3 6. Bxd3 Qd5 7. Nf3 Bg4 8.
Bf4 Nc6 9. a4 O-O-O 10. h3 Bxf3 11. Qxf3 Qxf3 12. gxf3 g6 13. Be4 Bg7 14. Bxc6
bxc6 15. Ke2 Rd5 16. b4 Bxe5 17. c4 Bxa1 18. cxd5 Bc3 19. dxc6 Bxb4 20. Rb1 a5
21. Bd2 Bxd2 22. Kxd2 Rd8+ 23. Ke3 Rd5 24. Rb7 e6 25. Ra7 Kd8 26. Ra8+ Ke7 27.
f4 Kd6 28. Ra6 Rc5 29. f3 Kd5 30. Kd3 Rxc6 31. Rxa5+ Rc5 32. Ra8 Kc6 33. Rf8
Rf5 34. Ke4 Kb6 35. Rb8+ Ka5 36. Ra8+ Kb4 37. Ra7 c6 38. a5 Rxa5 39. Rxf7 Rh5
40. Re7 Rxh3 41. Rxe6 c5 42. Rb6+ Kc3 43. Rc6 Rh5 44. Rc7 c4 45. Rb7 Rh4 46.
Ke3 Kc2 47. Rb6 c3 48. Rc6 Rh3 49. Ke2 Kb2 50. Rb6+ Kc1 51. Rb3 c2 52. Rb4 Rh2+
53. Ke1 Rh4 54. Ke2 g5 55. Rb7 gxf4 56. Rb6 Rh2+ 57. Ke1 Rh5 58. Rb4 Re5+ 59.
Kf2 Kd2 0-1

[Event "IX Open"]
[Site "Padova ITA"]
[Date "2006.12.24"]
[Round "9"]
[White "Cozzarin, Davide"]
[Black "Cardili, Mariano"]
[Result "1/2-1/2"]
[WhiteElo "1943"]
[BlackElo "2079"]
[PlyCount "36"]
[EventDate "2006.12.16"]

1. d4 d5 2. c4 c6 3. Nc3 Nf6 4. cxd5 cxd5 5. Bf4 Nc6 6. e3 Bf5 7. Qb3 Na5 8.
Qa4+ Bd7 9. Qc2 e6 10. Bd3 Rc8 11. Nge2 Be7 12. h3 Nc4 13. O-O b5 14. b3 Na3
15. Qb2 O-O 16. Rac1 Qb6 17. Nb1 Nxb1 18. Qxb1 h6 1/2-1/2

[Event "IX Open"]
[Site "Padova ITA"]
[Date "2006.12.24"]
[Round "9"]
[White "De Marchi, Alessandro"]
[Black "Litrico, Paolo"]
[Result "0-1"]
[WhiteElo "1570"]
[BlackElo "1691"]
[PlyCount "94"]
[EventDate "2006.12.16"]

1. d4 f5 2. c4 Nf6 3. Nc3 g6 4. Nf3 Bg7 5. Ne5 d6 6. Nd3 O-O 7. g3 Qe8 8. Bg2
e5 9. dxe5 dxe5 10. O-O c6 11. Qc2 e4 12. Ne1 Nbd7 13. b3 Ne5 14. Ba3 Rf7 15.
Rd1 Rd7 16. Rxd7 Bxd7 17. Na4 Rd8 18. Qc1 Neg4 19. h3 Ne5 20. Nc2 b6 21. Rd1 c5
22. Nc3 h6 23. Ne3 Nc6 24. Ned5 Nxd5 25. Nxd5 Nd4 26. Kf1 Bc6 27. Ne3 g5 28.
Rd2 f4 29. gxf4 gxf4 30. Ng4 e3 31. Rd3 exf2 32. Qd1 Bxg2+ 33. Kxg2 Qe4+ 34.
Kxf2 Re8 35. Rd2 h5 36. Nh2 Qe3+ 37. Kg2 Nxe2 38. Nf3 Ng3 39. Bc1 Qe7 40. Qc2
Qf7 41. Bb2 Ne4 42. Rd5 Ng3 43. Rd2 Bxb2 44. Qxb2 Qg6 45. Kh2 Nf1+ 46. Kh1 Nxd2
47. Qxd2 Qe6 0-1

[Event "IX Open"]
[Site "Padova ITA"]
[Date "2006.12.24"]
[Round "9"]
[White "Dragojlovic, Andjelko"]
[Black "Laketic, Gojko"]
[Result "1/2-1/2"]
[WhiteElo "2383"]
[BlackElo "2441"]
[PlyCount "25"]
[EventDate "2006.12.16"]

1. e4 g6 2. d4 Bg7 3. Nf3 d6 4. h3 Nf6 5. Nc3 O-O 6. Be3 c6 7. a4 Nbd7 8. a5
Rb8 9. Be2 b5 10. axb6 axb6 11. O-O Bb7 12. e5 Ne8 13. Qd2 1/2-1/2

[Event "IX Open"]
[Site "Padova ITA"]
[Date "2006.12.24"]
[Round "9"]
[White "Dvirnyy, Danyyil"]
[Black "Navarro, Stefano"]
[Result "1/2-1/2"]
[WhiteElo "2323"]
[BlackElo "2228"]
[PlyCount "184"]
[EventDate "2006.12.16"]

1. e4 e5 2. Nf3 d6 3. d4 Nf6 4. Nc3 Nbd7 5. Bc4 Be7 6. O-O c6 7. a4 O-O 8. Re1
Qc7 9. b3 Nb6 10. Be2 Re8 11. a5 Nbd7 12. d5 Nc5 13. Bf1 Bg4 14. b4 Ncd7 15. a6
bxa6 16. Rxa6 cxd5 17. Nxd5 Nxd5 18. exd5 f5 19. h3 Bh5 20. g4 fxg4 21. Ng5
Bxg5 22. Bxg5 Nf6 23. Rc6 Qf7 24. Qd2 gxh3 25. Bxh3 Qg6 26. Bg2 h6 27. Bxf6 Bf3
28. Bg5 Bxg2 29. Kxg2 hxg5 30. Re3 g4 31. Qd3 e4 32. Qd4 Re7 33. c4 Rf8 34. Ra6
Qf5 35. Ra2 Rf6 36. c5 Qf4 37. c6 Rh6 38. Rg3 Qc1 39. Ra1 Qc2 40. Qc3 Qxc3 41.
Rxc3 Rc7 42. b5 Kf7 43. Rxa7 Rxa7 44. b6 Ra8 45. b7 Rhh8 46. c7 Rac8 47. bxc8=Q
Rxc8 48. Rc6 Ke7 49. Rc4 Kd7 50. Rxe4 Rxc7 51. Rxg4 Ke8 52. Rg6 Rc5 53. Rxd6
Ke7 54. Re6+ Kf7 55. Re5 Kf6 56. f4 Rc3 57. Kf2 Ra3 58. Ke2 Rb3 59. Re3 Rb5 60.
Rd3 Ke7 61. Ke3 Kd6 62. Ke4 Rb1 63. Rg3 Re1+ 64. Kf5 Re7 65. Rd3 Rf7+ 66. Kg5
Rf6 67. f5 Rf7 68. Rd1 Ra7 69. Kg6 Rb7 70. Kh7 Rf7 71. Kg6 Rf6+ 72. Kg5 Rf7 73.
Rd4 Re7 74. Kg6 Rb7 75. Rh4 Kxd5 76. Rh7 Rb6+ 77. Kg5 Rb7 78. Rh5 Ke5 79. Kg6
Kf4 80. Rh4+ Ke5 81. Rh1 Rb6+ 82. Kg5 Rb7 83. Re1+ Kd5 84. Kg6 Ra7 85. Re8 Rb7
86. Re6 Ra7 87. Re3 Rb7 88. Rh3 Ke5 89. Rh8 Rb6+ 90. Kg5 Rb7 91. Rh7 Rf7 92.
Kg6 Rxf5 1/2-1/2

[Event "IX Open"]
[Site "Padova ITA"]
[Date "2006.12.24"]
[Round "9"]
[White "Palumbo, Giuseppe"]
[Black "Belloni, Umberto"]
[Result "1/2-1/2"]
[WhiteElo "1592"]
[BlackElo "1908"]
[PlyCount "40"]
[EventDate "2006.12.16"]

1. e4 e6 2. d4 d5 3. Nc3 dxe4 4. Nxe4 Nf6 5. Nxf6+ gxf6 6. Bc4 c6 7. Nf3 Bd6 8.
Be3 Nd7 9. Qe2 Qc7 10. O-O-O b5 11. Bd3 Nb6 12. Nd2 Nd5 13. Ne4 Ke7 14. Nxd6
Qxd6 15. Kb1 a5 16. Be4 Bd7 17. Bxd5 cxd5 18. Bd2 b4 19. f4 f5 20. h3 h5
1/2-1/2

[Event "IX Open"]
[Site "Padova ITA"]
[Date "2006.12.24"]
[Round "9"]
[White "Rossi, Giampiero"]
[Black "Giordan, Daniele"]
[Result "1-0"]
[WhiteElo "1976"]
[BlackElo "1897"]
[PlyCount "141"]
[EventDate "2006.12.16"]

1. d4 d5 2. c4 c6 3. cxd5 cxd5 4. Nc3 Nc6 5. Nf3 Nf6 6. Bf4 Bf5 7. e3 e6 8. Qb3
Bb4 9. Bb5 O-O 10. O-O Bxc3 11. Qxc3 Rc8 12. Qa3 a6 13. Bxc6 Rxc6 14. Rfc1 Qb6
15. Ne5 Rcc8 16. b3 Qb5 17. Rxc8 Rxc8 18. Rc1 Qe8 19. f3 Nh5 20. Rxc8 Qxc8 21.
Qc5 Qxc5 22. dxc5 Nxf4 23. exf4 Kf8 24. c6 bxc6 25. Nxc6 Ke8 26. Kf2 Bb1 27. a3
Ba2 28. b4 Bc4 29. Ke3 f6 30. Kd4 Kd7 31. Kc5 g6 32. g3 Be2 33. Nd4 Bd3 34. a4
e5 35. fxe5 fxe5 36. Nc6 Ke6 37. b5 axb5 38. axb5 Bxb5 39. Kxb5 Kd6 40. Nb4 e4
41. fxe4 dxe4 42. Kc4 Ke5 43. Nc2 h5 44. Ne3 g5 45. Kc3 h4 46. Kd2 hxg3 47.
hxg3 Kd4 48. Ke2 Ke5 49. Kf2 Kd4 50. Ke2 Ke5 51. Nf1 Kd4 52. Nh2 Kd5 53. Ke3
Ke5 54. Ng4+ Kf5 55. Nf2 Ke5 56. g4 Kf6 57. Kxe4 Ke6 58. Nh3 Kf6 59. Kd5 Kf7
60. Ke5 Kg6 61. Ke6 Kg7 62. Kf5 Kh6 63. Kf6 Kh7 64. Kxg5 Kg7 65. Nf4 Kf7 66.
Nh5 Kg8 67. Kg6 Kh8 68. Kf7 Kh7 69. g5 Kh8 70. Nf4 Kh7 71. g6+ 1-0